[Event "Wiesbaden op 31st"]
[Site "Wiesbaden"]
[Date "2019.08.24"]
[Round "4"]
[White "Bauer, Claus"]
[Black "Gerst, Michael"]
[Result "1-0"]
[WhiteElo "2123"]
[BlackElo "1974"]
[PlyCount "51"]
[EventDate "2019.08.22"]
[EventType "swiss"]
[EventRounds "7"]
[EventCountry "GER"]
[SourceTitle "EXT 2020"]
[Source "ChessBase"]
[SourceDate "2019.10.17"]
[SourceVersion "1"]
[SourceVersionDate "2019.10.17"]
[SourceQuality "1"]

1. d4 Nf6 2. Nf3 e6 3. Bg5 h6 4. Bxf6 Qxf6 5. e4 d6 6. Bd3 g6 7. c3 Bg7 8. a4 c5 9. dxc5 dxc5 10. Bb5+ Bd7 11. Na3 Qe7 12. Bxd7+ Nxd7 13. 0-0 0-0 14. Qe2 Rfd8 15. Nc4 Nb8 16. Rfd1 Nc6 17. g3 Qc7 18. h4 h5 19. Kg2 Kf8 20. Ng5 Rxd1 21. Rxd1 Rd8 22. Qf3 Kg8 23. Rxd8+ Nxd8 24. Qd3 Kf8 25. Nd6 a6 26. Ndxf7 1-0

[Event "Wiesbaden op 30th"]
[Site "Wiesbaden"]
[Date "2018.08.23"]
[Round "1"]
[White "Zeyen, Helmut"]
[Black "Bauer, Claus"]
[Result "0-1"]
[WhiteElo "1785"]
[BlackElo "2121"]
[PlyCount "105"]
[EventDate "2018.08.23"]
[EventType "swiss"]
[EventRounds "7"]
[EventCountry "GER"]
[SourceTitle "CBM 186 Extra"]
[Source "ChessBase"]
[SourceDate "2018.08.24"]
[SourceVersion "1"]
[SourceVersionDate "2018.08.24"]
[SourceQuality "1"]

1. e4 d6 2. d4 Nf6 3. Nc3 e5 4. dxe5 dxe5 5. Qxd8+ Kxd8 6. Bg5 Be6 7. 0-0-0+ Nbd7 8. Nd5 Kc8 9. Nxf6 Nxf6 10. f3 Bc5 11. Kb1 c6 12. Ne2 Nd7 13. Nc1 f6 14. Bd2 Bb6 15. Bd3 Kc7 16. f4 Rae8 17. f5 Bf7 18. g4 g6 19. Rde1 gxf5 20. gxf5 Reg8 21. Be3 Rg4 22. Bxb6+ axb6 23. Rhg1 Rhg8 24. Rxg4 Rxg4 25. Ne2 Kd8 26. Rg1 Rh4 27. Rg2 Ke7 28. b3 Kf8 29. Kc1 b5 30. Kb2 Nc5 31. Ng3 Rf4 32. Kc3 b6 33. Kd2 Rg4 34. Rf2 Ke7 35. Ke3 b4 36. Rf3 Rg8 37. Rf2 Ra8 38. c4 bxc3 39. Rc2 Kd6 40. Ne2 b5 41. Nxc3 Rg8 42. Rd2 Kc7 43. Rc2 Kb6 44. Rf2 Rg1 45. Kd2 Ka5 46. Kc2 b4 47. Ne2 Ra1 48. Rg2 Rxa2+ 49. Kb1 Bxb3 50. Rg7 Nxd3 51. Ra7+ Kb5 52. Rxa2 Bxa2+ 53. Kxa2 0-1

[Event "Wiesbaden op 29th"]
[Site "Wiesbaden"]
[Date "2017.08.27"]
[Round "7"]
[White "Muckle, Julius"]
[Black "Bauer, Claus"]
[Result "1/2-1/2"]
[WhiteElo "2309"]
[BlackElo "2102"]
[PlyCount "81"]
[EventDate "2017.08.24"]
[EventType "swiss"]
[EventRounds "7"]
[EventCountry "GER"]
[SourceTitle "CBM 180 Extra"]
[Source "ChessBase"]
[SourceDate "2017.10.06"]
[SourceVersion "1"]
[SourceVersionDate "2017.10.06"]
[SourceQuality "1"]

1. d4 d6 2. c4 Nf6 3. Nc3 Nbd7 4. Nf3 e5 5. e4 Be7 6. Be2 0-0 7. 0-0 c6 8. Qc2 a6 9. Rd1 Qc7 10. Bg5 Re8 11. h3 b6 12. a3 Bb7 13. Rac1 Rac8 14. b4 exd4 15. Nxd4 g6 16. Nb3 c5 17. Bf4 Bf8 18. f3 Ne5 19. b5 a5 20. Nd2 Rb8 21. Nf1 Nh5 22. Be3 Nf6 23. Bg5 Be7 24. Ne3 Ned7 25. Bf4 Rbd8 26. g4 Ne5 27. Rd2 d5 28. Bxe5 Qxe5 29. cxd5 Qg3+ 30. Ng2 c4 31. Na4 Bd6 32. Bf1 Nd7 33. Qc3 Nc5 34. Be2 Rc8 35. f4 Nd3 36. Bxd3 cxd3 37. Rxd3 Rxc3 38. Rcxc3 Qxd3 39. Rxd3 Rxe4 40. Nc3 Rc4 41. Kf2 1/2-1/2

[Event "Wiesbaden op 25th"]
[Site "Wiesbaden"]
[Date "2013.08.24"]
[Round "4"]
[White "Bauer, Claus"]
[Black "Willems, Matthias"]
[Result "1/2-1/2"]
[WhiteElo "2174"]
[BlackElo "2042"]
[PlyCount "96"]
[EventDate "2013.08.22"]
[EventType "swiss"]
[EventRounds "7"]
[EventCountry "GER"]
[SourceTitle "CBM 156 Extra"]
[Source "ChessBase"]
[SourceDate "2013.10.22"]
[SourceVersion "1"]
[SourceVersionDate "2013.10.22"]
[SourceQuality "1"]

1. d4 d5 2. Nf3 Nf6 3. e3 e6 4. Bd3 c5 5. c3 Nc6 6. Nbd2 Bd6 7. 0-0 0-0 8. dxc5 Bxc5 9. e4 e5 10. exd5 Qxd5 11. Qc2 Bg4 12. Ng5 h6 13. Nge4 Be7 14. h3 Be6 15. Nf3 Rfd8 16. Nxf6+ Bxf6 17. Be4 Qd7 18. Be3 Rac8 19. Rfd1 Qc7 20. Rxd8+ Rxd8 21. b3 a5 22. Rd1 Rxd1+ 23. Qxd1 Nb8 24. Qd3 Bd7 25. Bd5 Bc6 26. c4 Na6 27. a3 Qe7 28. Bxc6 bxc6 29. Qf5 Nc5 30. Qc8+ Kh7 31. Qxc6 Nxb3 32. c5 e4 33. Nd2 Nxd2 34. Bxd2 Qe5 35. Be3 Qa1+ 36. Kh2 Qxa3 37. Qxe4+ g6 38. Qd5 Kg7 39. Bd4 Qb4 40. Bxf6+ Kxf6 41. Qd6+ Kg7 42. Qe5+ Kh7 43. c6 Qc4 44. c7 a4 45. g3 a3 46. Qe7 Kg7 47. Qe5+ Kh7 48. Qe7 Kg7 1/2-1/2

[Event "Wiesbaden op 25th"]
[Site "Wiesbaden"]
[Date "2013.08.23"]
[Round "3"]
[White "Malzahn, Sven"]
[Black "Bauer, Claus"]
[Result "1/2-1/2"]
[WhiteElo "2017"]
[BlackElo "2174"]
[PlyCount "41"]
[EventDate "2013.08.22"]
[EventType "swiss"]
[EventRounds "7"]
[EventCountry "GER"]
[SourceTitle "CBM 156 Extra"]
[Source "ChessBase"]
[SourceDate "2013.10.22"]
[SourceVersion "1"]
[SourceVersionDate "2013.10.22"]
[SourceQuality "1"]

1. e4 d6 2. Nc3 Nf6 3. f4 Nbd7 4. Bc4 c6 5. d3 b5 6. Bb3 e5 7. Nf3 Be7 8. 0-0 0-0 9. Qe1 Nc5 10. Kh1 Qc7 11. fxe5 dxe5 12. Qg3 Bd6 13. Nh4 Nxb3 14. axb3 Ne8 15. Nf5 Kh8 16. Be3 a6 17. Rf3 f6 18. Qf2 Be6 19. Ne2 Bg8 20. Neg3 Rf7 21. Kg1 1/2-1/2

[Event "Wiesbaden op 24th"]
[Site "Wiesbaden"]
[Date "2012.08.24"]
[Round "3"]
[White "Boidman, Yuri"]
[Black "Bauer, Claus"]
[Result "1-0"]
[WhiteElo "2427"]
[BlackElo "2183"]
[PlyCount "67"]
[EventDate "2012.08.23"]
[EventType "swiss"]
[EventRounds "7"]
[EventCountry "GER"]
[SourceTitle "CBM 150 Extra"]
[Source "ChessBase"]
[SourceDate "2012.10.19"]
[SourceVersion "1"]
[SourceVersionDate "2012.10.19"]
[SourceQuality "1"]

1. e4 d6 2. d4 Nf6 3. Nc3 e5 4. Nf3 Nbd7 5. Bc4 Be7 6. dxe5 Nxe5 7. Be2 Nxf3+ 8. Bxf3 c6 9. Bf4 Qc7 10. Qe2 Be6 11. 0-0-0 0-0 12. g4 Rfe8 13. g5 Nd7 14. Bg4 Nf8 15. h4 b5 16. Kb1 Qa5 17. Bxe6 Nxe6 18. Qg4 Nc5 19. Bd2 b4 20. Ne2 Bf8 21. Ng3 Na4 22. Qf3 Rab8 23. h5 Qe5 24. Qb3 Nc5 25. Qc4 Nxe4 26. g6 d5 27. gxf7+ Kxf7 28. Qxc6 Rb6 29. Qa4 Rf6 30. Nxe4 dxe4 31. h6 gxh6 32. Be3 Bc5 33. Qb3+ Kg7 34. Rd5 1-0

[Event "Oberliga Sued W 0708"]
[Site "Germany"]
[Date "2007.10.21"]
[Round "1.5"]
[White "Schluchter, Steffen"]
[Black "Bauer, Claus"]
[Result "1/2-1/2"]
[WhiteElo "2144"]
[BlackElo "2168"]
[PlyCount "69"]
[EventDate "2007.10.21"]
[EventType "team-tourn"]
[EventRounds "9"]
[EventCountry "GER"]
[SourceTitle "EXT 2009"]
[Source "ChessBase"]
[SourceDate "2008.11.26"]
[SourceVersion "1"]
[SourceVersionDate "2008.11.26"]
[SourceQuality "1"]
[WhiteTeam "Mutterstadt"]
[BlackTeam "Mainz"]
[WhiteTeamCountry "GER"]
[BlackTeamCountry "GER"]

1. c4 d6 2. g3 Nf6 3. Bg2 e5 4. Nc3 Be7 5. Nf3 0-0 6. d4 Nbd7 7. 0-0 c6 8. b3 Re8 9. Qc2 Qc7 10. Bb2 Bf8 11. dxe5 dxe5 12. Ne4 Nxe4 13. Qxe4 f6 14. Rfd1 a5 15. Qc2 Nc5 16. Nd2 Be6 17. Ne4 Qb6 18. e3 Kh8 19. Nxc5 Bxc5 20. Be4 Bg8 21. Kg2 a4 22. Rd7 Re7 23. Rad1 axb3 24. axb3 Rxd7 25. Rxd7 Rd8 26. Rxd8 Qxd8 27. Bc3 Qd6 28. g4 b5 29. cxb5 cxb5 30. h3 Bb4 31. Ba1 Qe6 32. Qc6 Qxc6 33. Bxc6 Bxb3 34. Bxb5 Bd5+ 35. f3 1/2-1/2

[Event "Oberliga Sued W 0405"]
[Site "Germany"]
[Date "2005.01.30"]
[Round "6.7"]
[White "Bauer, Claus"]
[Black "Scheske, Andreas"]
[Result "1/2-1/2"]
[WhiteElo "2139"]
[BlackElo "2107"]
[PlyCount "47"]
[EventDate "2004.10.03"]
[EventType "team-tourn"]
[EventRounds "9"]
[EventCountry "GER"]
[SourceTitle "EXT 2009"]
[Source "ChessBase"]
[SourceDate "2008.11.26"]
[SourceVersion "1"]
[SourceVersionDate "2008.11.26"]
[SourceQuality "1"]
[WhiteTeam "Mainz"]
[BlackTeam "Ludwigshafen"]
[WhiteTeamCountry "GER"]
[BlackTeamCountry "GER"]

1. d4 c5 2. c3 e6 3. Nf3 Nf6 4. e3 b6 5. Nbd2 Be7 6. Bd3 Ba6 7. Bxa6 Nxa6 8. 0-0 0-0 9. Qe2 Nb8 10. Re1 Nc6 11. e4 d5 12. Ne5 Rc8 13. exd5 Qxd5 14. Ndf3 cxd4 15. Nxc6 Rxc6 16. Nxd4 Rcc8 17. Bf4 Rfd8 18. a3 Rd7 19. h3 Rcd8 20. Be5 Bd6 21. Nf3 Qb3 22. Nd4 Qd5 23. Nf3 Qb3 24. Nd4 1/2-1/2

[Event "Oberliga Sued W 0405"]
[Site "Germany"]
[Date "2005.01.16"]
[Round "5.7"]
[White "Perrin, Guillaume"]
[Black "Bauer, Claus"]
[Result "1-0"]
[WhiteElo "2170"]
[BlackElo "2139"]
[PlyCount "55"]
[EventDate "2004.10.03"]
[EventType "team-tourn"]
[EventRounds "9"]
[EventCountry "GER"]
[SourceTitle "EXT 2009"]
[Source "ChessBase"]
[SourceDate "2008.11.26"]
[SourceVersion "1"]
[SourceVersionDate "2008.11.26"]
[SourceQuality "1"]
[WhiteTeam "Bad Bergzabern"]
[BlackTeam "Mainz"]
[WhiteTeamCountry "GER"]
[BlackTeamCountry "GER"]

1. e4 d6 2. d4 Nf6 3. Nc3 e5 4. Nf3 Nbd7 5. Bc4 Be7 6. 0-0 0-0 7. Re1 a6 8. a4 b6 9. b3 c6 10. d5 cxd5 11. Nxd5 Nxd5 12. Bxd5 Rb8 13. Nd2 Nf6 14. c4 Nxd5 15. cxd5 b5 16. axb5 Rxb5 17. Nc4 f5 18. f3 Qc7 19. Be3 fxe4 20. fxe4 Bh4 21. g3 Bd8 22. Rc1 Qb8 23. Nxd6 Qxd6 24. Rxc8 Qb4 25. Rf1 Bf6 26. Rxf8+ Kxf8 27. Qc2 Qxb3 28. Qc8+ 1-0

[Event "Dresden ZMD op"]
[Site "Dresden"]
[Date "2003.08.01"]
[Round "8"]
[White "Bauer, Claus"]
[Black "Spiegelberg, Olaf"]
[Result "0-1"]
[WhiteElo "2205"]
[BlackElo "2059"]
[PlyCount "110"]
[EventDate "2003.07.25"]
[EventType "swiss"]
[EventRounds "9"]
[EventCountry "GER"]
[SourceTitle "EXT 2004"]
[Source "ChessBase"]
[SourceDate "2003.11.25"]
[SourceVersion "1"]
[SourceVersionDate "2003.11.25"]
[SourceQuality "1"]

1. e4 e5 2. Nf3 Nc6 3. d3 Bc5 4. Be2 Nge7 5. c3 Ng6 6. b4 Bb6 7. 0-0 0-0 8. a3 d6 9. Nbd2 a6 10. Nc4 Ba7 11. Be3 Kh8 12. Bxa7 Nxa7 13. d4 f6 14. Re1 Nc6 15. a4 Nce7 16. Qd2 Nf4 17. Ne3 Qe8 18. Bf1 Qg6 19. Nd5 Nexd5 20. exd5 Bg4 21. Nh4 Qg5 22. g3 Nh3+ 23. Bxh3 Qxd2 24. Bxg4 Qg5 25. Be6 g6 26. Nf3 Qh6 27. Rad1 Qg7 28. c4 Rae8 29. c5 Re7 30. Re3 Rd8 31. Rc3 e4 32. Nh4 f5 33. Ng2 dxc5 34. bxc5 c6 35. Ne3 cxd5 36. Bxd5 Red7 37. c6 bxc6 38. Rxc6 a5 39. Rc5 Qf6 40. Rxa5 f4 41. gxf4 Qxf4 42. Be6 Rxd4 43. Rxd4 Rxd4 44. Ra8+ Kg7 45. Ra7+ Kh6 46. Ng4+ Kg5 47. h4+ Kxh4 48. Rxh7+ Kg5 49. Ne3 Rxa4 50. Rh3 Ra1+ 51. Kg2 Qb8 52. Bd5 Qb1 53. Rh2 Qg1+ 54. Kh3 Kf4 55. Be6 Ra7 0-1

[Event "Dresden ZMD op"]
[Site "Dresden"]
[Date "2003.07.31"]
[Round "7"]
[White "Siegl, Detlef"]
[Black "Bauer, Claus"]
[Result "0-1"]
[WhiteElo "2029"]
[BlackElo "2205"]
[PlyCount "104"]
[EventDate "2003.07.25"]
[EventType "swiss"]
[EventRounds "9"]
[EventCountry "GER"]
[SourceTitle "EXT 2004"]
[Source "ChessBase"]
[SourceDate "2003.11.25"]
[SourceVersion "1"]
[SourceVersionDate "2003.11.25"]
[SourceQuality "1"]

1. e4 d6 2. d4 Nf6 3. Nc3 e5 4. dxe5 dxe5 5. Qxd8+ Kxd8 6. Bg5 Be6 7. 0-0-0+ Nbd7 8. Nd5 Kc8 9. Nxf6 Nxf6 10. f3 Nd7 11. Bb5 c6 12. Bd3 Bc5 13. a3 f6 14. Bd2 b5 15. Ne2 a5 16. Ng3 Kc7 17. Rhe1 g6 18. Be3 Be7 19. f4 Nb6 20. Bxb6+ Kxb6 21. f5 Bf7 22. Be2 Kc7 23. Bg4 Rad8 24. Rxd8 Bxd8 25. Rd1 Be8 26. Bf3 Be7 27. Be2 Bd7 28. Bd3 c5 29. c4 b4 30. axb4 cxb4 31. b3 Ra8 32. Bc2 Bc6 33. fxg6 hxg6 34. Nf1 Bc5 35. Ng3 Rh8 36. h3 Rh4 37. Rf1 Be7 38. Kd2 Kb6 39. Ke3 Bc5+ 40. Ke2 Be7 41. Ke3 Rh8 42. Ke2 Ra8 43. Ra1 Rd8 44. Rd1 Rxd1 45. Kxd1 Kc5 46. Kd2 Bf8 47. Ne2 Bh6+ 48. Kd1 a4 49. bxa4 Kxc4 50. Nc1 Bxc1 51. Kxc1 b3 52. Bd1 Kc3 0-1

[Event "Dresden ZMD op"]
[Site "Dresden"]
[Date "2003.07.26"]
[Round "2"]
[White "Bauer, Claus"]
[Black "Oberndoerfer, Frank"]
[Result "1/2-1/2"]
[WhiteElo "2205"]
[BlackElo "2140"]
[PlyCount "42"]
[EventDate "2003.07.25"]
[EventType "swiss"]
[EventRounds "9"]
[EventCountry "GER"]
[SourceTitle "EXT 2004"]
[Source "ChessBase"]
[SourceDate "2003.11.25"]
[SourceVersion "1"]
[SourceVersionDate "2003.11.25"]
[SourceQuality "1"]

1. g3 g6 2. Bg2 Bg7 3. e4 d6 4. d3 Nc6 5. Ne2 Bd7 6. Nbc3 Qc8 7. h3 e5 8. Be3 Nge7 9. Qd2 Nd4 10. Ng1 c5 11. Nce2 f5 12. c3 Nxe2 13. Nxe2 c4 14. dxc4 Qxc4 15. Qxd6 Bb5 16. Nc1 Rd8 17. Qc5 Qxc5 18. Bxc5 Bh6 19. Nb3 b6 20. Be3 Bxe3 21. fxe3 Bc6 1/2-1/2

[Event "Oberliga Sued W 0203"]
[Site "Germany"]
[Date "2002.11.03"]
[Round "3.7"]
[White "Baerner, Helmut"]
[Black "Bauer, Claus"]
[Result "1/2-1/2"]
[WhiteElo "2137"]
[BlackElo "2200"]
[PlyCount "49"]
[EventDate "2002.10.??"]
[EventType "team"]
[EventRounds "9"]
[EventCountry "GER"]
[SourceTitle "EXT 2005"]
[Source "ChessBase"]
[SourceDate "2004.11.15"]
[SourceVersion "1"]
[SourceVersionDate "2004.11.15"]
[SourceQuality "1"]

1. d4 d6 2. Nf3 Nf6 3. Bg5 Nbd7 4. e3 g6 5. Bc4 Bg7 6. 0-0 0-0 7. Nbd2 h6 8. Bh4 Qe8 9. c3 e5 10. dxe5 dxe5 11. e4 Nc5 12. Bxf6 Bxf6 13. Re1 b5 14. Bf1 Bb7 15. Qc2 a6 16. Nb3 Nxb3 17. Qxb3 c5 18. a4 Bc6 19. axb5 axb5 20. Rxa8 Qxa8 21. Bxb5 Bxe4 22. c4 Kg7 23. Qe3 Bxf3 24. Qxf3 e4 25. Qxe4 1/2-1/2

[Event "Oberliga Sued W 0102"]
[Site "Germany"]
[Date "2002.01.13"]
[Round "?"]
[White "Bauer, Claus"]
[Black "Barpiyeva, Gulsana"]
[Result "1/2-1/2"]
[WhiteElo "2206"]
[BlackElo "2266"]
[PlyCount "46"]
[EventDate "2001.10.09"]
[EventType "team"]
[EventRounds "9"]
[EventCountry "GER"]
[SourceTitle "EXT 2003"]
[Source "ChessBase"]
[SourceDate "2002.11.25"]
[SourceVersion "1"]
[SourceVersionDate "2002.11.25"]
[SourceQuality "1"]

1. d4 c5 2. e3 cxd4 3. exd4 d5 4. Bd3 Nc6 5. c3 Nf6 6. Bf4 Bg4 7. Qb3 Qc8 8. Nd2 e6 9. h3 Bh5 10. Ngf3 Be7 11. 0-0 0-0 12. Rfe1 a6 13. Bg5 Re8 14. Qc2 Bg6 15. a3 b5 16. Bxg6 hxg6 17. Qd3 Nd7 18. Bxe7 Rxe7 19. Ng5 Na5 20. b4 Nb7 21. a4 Nd6 22. a5 Nf6 23. Nb3 Nc4 1/2-1/2

[Event "Dresden ZMD op"]
[Site "Dresden"]
[Date "2002.??.??"]
[Round "2"]
[White "Bauer, Claus"]
[Black "Werner, Clemens"]
[Result "1/2-1/2"]
[WhiteElo "2200"]
[BlackElo "2355"]
[PlyCount "81"]
[EventDate "2002.07.18"]
[EventType "swiss"]
[EventRounds "9"]
[EventCountry "GER"]
[SourceTitle "EXT 2003"]
[Source "ChessBase"]
[SourceDate "2002.11.25"]
[SourceVersion "1"]
[SourceVersionDate "2002.11.25"]
[SourceQuality "1"]

1. d4 Nf6 2. Nf3 d5 3. Bg5 e6 4. e3 Be7 5. Nbd2 Nbd7 6. Bd3 b6 7. c3 Bb7 8. Qb1 c5 9. 0-0 0-0 10. b4 cxb4 11. cxb4 Rc8 12. a3 h6 13. Bh4 Ne8 14. Bxe7 Qxe7 15. Qb2 Nd6 16. b5 Rc7 17. Rfc1 Rfc8 18. Rxc7 Rxc7 19. Rc1 Qd8 20. h3 f6 21. Rxc7 Qxc7 22. Qb3 Kf7 23. h4 g5 24. hxg5 hxg5 25. Qb1 Nf8 26. g3 Qc3 27. Qb3 Qc1+ 28. Nf1 Nc4 29. a4 g4 30. Nh4 f5 31. Qb4 Qb2 32. Qxb2 Nxb2 33. Bc2 Nd7 34. Nd2 a6 35. Nb1 axb5 36. axb5 Nf6 37. Nc3 Bc8 38. Ng2 Ne8 39. Nf4 Bd7 40. Nd3 Nxd3 41. Bxd3 1/2-1/2

[Event "Oberliga Sued W 0102"]
[Site "Germany"]
[Date "2001.12.16"]
[Round "?"]
[White "Roth, Stefan"]
[Black "Bauer, Claus"]
[Result "0-1"]
[WhiteElo "2053"]
[BlackElo "2206"]
[PlyCount "58"]
[EventDate "2001.10.09"]
[EventType "team"]
[EventRounds "9"]
[EventCountry "GER"]
[SourceTitle "EXT 2003"]
[Source "ChessBase"]
[SourceDate "2002.11.25"]
[SourceVersion "1"]
[SourceVersionDate "2002.11.25"]
[SourceQuality "1"]

1. Nf3 f5 2. d4 Nf6 3. c4 g6 4. g3 Bg7 5. Bg2 0-0 6. 0-0 d6 7. Nc3 Nc6 8. d5 Ne5 9. Nxe5 dxe5 10. e4 f4 11. b4 g5 12. Bb2 g4 13. Re1 f3 14. Bf1 h5 15. Qd2 h4 16. Nd1 Nh7 17. c5 Qe8 18. Bc4 Kh8 19. Rf1 Qh5 20. Ne3 Ng5 21. Qc2 Bd7 22. Rad1 Rf6 23. d6 exd6 24. Nd5 hxg3 25. fxg3 Rh6 26. h4 gxh3 27. Nxc7 h2+ 28. Kh1 Bh3 29. Rf2 Bg2+ 0-1

[Event "Rheinhessen-ch M2"]
[Site "Mainz"]
[Date "1997.??.??"]
[Round "6"]
[White "Bauer, Claus"]
[Black "Pela, Edward"]
[Result "0-1"]
[WhiteElo "2185"]
[BlackElo "1956"]
[PlyCount "48"]
[EventDate "1997.03.21"]
[EventType "tourn"]
[EventRounds "7"]
[EventCountry "GER"]
[SourceTitle "EXT 2000"]
[Source "ChessBase"]
[SourceDate "1999.11.16"]
[SourceVersion "1"]
[SourceVersionDate "1999.11.16"]
[SourceQuality "1"]

1. e4 c5 2. f4 Nc6 3. Nf3 g6 4. Bb5 Bg7 5. Bxc6 bxc6 6. d3 Rb8 7. c3 d6 8. 0-0 Nh6 9. Qc2 0-0 10. c4 f5 11. Nc3 Nf7 12. Kh1 Rb7 13. Be3 e5 14. fxe5 Nxe5 15. Nxe5 Bxe5 16. Qd2 Qh4 17. Bf4 Bxf4 18. Rxf4 Rxb2 19. Qe3 Qf6 20. Qc1 Qg5 21. g3 Rb7 22. exf5 Rxf5 23. Re4 Qxc1+ 24. Rxc1 Rbf7 0-1

[Event "Rheinhessen-ch M2"]
[Site "Mainz"]
[Date "1997.??.??"]
[Round "2"]
[White "Sulic, Kresimir"]
[Black "Bauer, Claus"]
[Result "0-1"]
[WhiteElo "1957"]
[BlackElo "2185"]
[PlyCount "116"]
[EventDate "1997.03.21"]
[EventType "tourn"]
[EventRounds "7"]
[EventCountry "GER"]
[SourceTitle "EXT 2000"]
[Source "ChessBase"]
[SourceDate "1999.11.16"]
[SourceVersion "1"]
[SourceVersionDate "1999.11.16"]
[SourceQuality "1"]

1. e4 d6 2. d4 Nf6 3. Nc3 c6 4. Nf3 Bg4 5. Be2 e6 6. 0-0 Be7 7. Ne1 Bxe2 8. Qxe2 d5 9. e5 Nfd7 10. Qg4 Kf8 11. Nd3 c5 12. dxc5 Nc6 13. Re1 Nxc5 14. Nf4 g6 15. Bd2 h5 16. Qf3 Kg7 17. Rad1 Nd4 18. Qh3 Nxc2 19. Rf1 Nd4 20. Be3 Nf5 21. Ncxd5 Nxe3 22. Nxe3 Qb6 23. Nc4 Qb4 24. b3 b5 25. a3 Qxb3 26. Nd6 Qxh3 27. Nxh3 a6 28. Rc1 Bxd6 29. exd6 Ne4 30. Rfd1 Rhd8 31. Rc6 Ra7 32. f3 Nf6 33. Ng5 Nd5 34. Kf2 a5 35. Ne4 b4 36. axb4 axb4 37. Rd2 Rad7 38. Rb2 Kh6 39. Re2 f5 40. Nc5 Rxd6 41. Rxe6 Rxc6 42. Rxc6 Ra8 43. Kg3 Ra2 44. Rd6 f4+ 45. Kh3 Ne3 46. Rb6 Rxg2 47. Nd3 Rd2 48. Nxf4 Nf1 49. Rxg6+ Kh7 50. Rg2 b3 51. Rxd2 Nxd2 52. Nd3 Nc4 53. f4 b2 54. Nxb2 Nxb2 55. Kh4 Kh6 56. f5 Nc4 57. f6 Ne5 58. h3 Kg6 0-1